| 000 | 01126nam a2200265Ia 4500 | ||
|---|---|---|---|
| 003 | OSt | ||
| 005 | 20210719153928.0 | ||
| 008 | 210310s1994 ck 00010 spa d | ||
| 022 | _201217062 | ||
| 040 |
_aCO-JMCR _cCO-JMCR |
||
| 041 | 0 | _aspa | |
| 082 | 0 | 4 |
_a338.91 / _bS944m _223 |
| 100 | 1 |
_aSuescun M., Fernando, _eautor _926870 |
|
| 245 | 1 | 0 |
_aMercados financieros internacionales: _bel mercado financiero de EEUU, los europeos y el sistema financiero japonés / _cFernando Suescún M. ; Alejandro Samper C. |
| 260 |
_aColombia : _bTercer Mundo, _c1994 |
||
| 300 |
_a64 páginas ; _c23 cm. |
||
| 490 | 0 |
_aFinanzas : _aMonografías ; _v41. |
|
| 501 | _aCon: bibliografía a pie de página, datos biográficos de los autores en tapa posterior. | ||
| 505 | 0 | _aLos sistemas financieros. -- Sistemas financieros de los Estados Unidos. -- Euromercados. -- Sistemas financieros japonés. | |
| 650 | 1 | 4 |
_aMercado financiero internacional. _926872 |
| 650 | 2 | 4 |
_aCompetencia económica internacional. _97037 |
| 650 | 2 | 4 |
_aIntegración económica internacional. _97032 |
| 700 | 1 |
_aSamper C., Alejandro, _eautor _938568 |
|
| 942 |
_2ddc _cBK |
||
| 999 |
_c11943 _d11943 |
||